| 000 | 00403nam a2200169Ia 4500 | ||
|---|---|---|---|
| 003 | LK-CoDNM | ||
| 008 | 010623t2012 xxu||||| |||| 00| 1 sin d | ||
| 040 |
_aLK-CoDNM _dLK-CoDNM _eLK-CoDNM |
||
| 041 | _asin | ||
| 080 | _a294.3 RAS | ||
| 100 | _aGunarathna,L | ||
| 245 | _aරසවාහිනි | ||
| 246 | _aRasawahini | ||
| 260 |
_bRathna _aColombo _c2012 |
||
| 300 | _b246, 21 cm | ||
| 942 | _cBK | ||
| 999 |
_c132761 _d132761 |
||